Electricity in household and micro-enterprises / (Record no. 141772)

MARC details
000 -LEADER
fixed length control field 01112cam a2200289 a 4500
008 - FIXED-LENGTH DATA ELEMENTS--GENERAL INFORMATION
fixed length control field
020 ## - INTERNATIONAL STANDARD BOOK NUMBER
International Standard Book Number 1853395013 (pbk.)
049 ## - LOCAL HOLDINGS (OCLC)
Holding library MAIN
090 ## - LOCALLY ASSIGNED LC-TYPE CALL NUMBER (OCLC); LOCAL CALL NUMBER (RLIN)
Classification number (OCLC) (R) ; Classification number, CALL (RLIN) (NR) HD9685
Local cutter number (OCLC) ; Book number/undivided call number, CALL (RLIN) CLA
003 - CONTROL NUMBER IDENTIFIER
control field
005 - DATE AND TIME OF LATEST TRANSACTION
control field 20230123125443.0
040 ## - CATALOGING SOURCE
Transcribing agency NUST
100 1# - MAIN ENTRY--PERSONAL NAME
Personal name Clancy, Joy.
245 10 - TITLE STATEMENT
Title Electricity in household and micro-enterprises /
Statement of responsibility, etc. Joy Clancy and Lucy Rebedy.
260 ## - PUBLICATION, DISTRIBUTION, ETC.
Place of publication, distribution, etc. London :
Name of publisher, distributor, etc. Intermediate Technology Publications in association with United Nations Development Fund for Women and Technology and Development Group, University of Twente, The Netherlands,
Date of publication, distribution, etc. 2000.
300 ## - PHYSICAL DESCRIPTION
Extent vii, 104 p. :
Other physical details ill. ;
Dimensions 25 cm.
440 #0 - SERIES STATEMENT/ADDED ENTRY--TITLE
Title Energy and environment technology source books.
504 ## - BIBLIOGRAPHY, ETC. NOTE
Bibliography, etc. note Includes bibliographical references.
650 #0 - SUBJECT ADDED ENTRY--TOPICAL TERM
Topical term or geographic name entry element Electricity.
650 #0 - SUBJECT ADDED ENTRY--TOPICAL TERM
Topical term or geographic name entry element Electric power.
700 1# - ADDED ENTRY--PERSONAL NAME
Personal name Redeby, Lucy.
710 2# - ADDED ENTRY--CORPORATE NAME
Corporate name or jurisdiction name as entry element Intermediate Technology Development Group.
710 2# - ADDED ENTRY--CORPORATE NAME
Corporate name or jurisdiction name as entry element United Nations Development Fund for Women.
710 2# - ADDED ENTRY--CORPORATE NAME
Corporate name or jurisdiction name as entry element Universiteit Twente.
Subordinate unit Vakgroep Ontwikkelingskunde.
907 ## - LOCAL DATA ELEMENT G, LDG (RLIN)
a .b10317144
b 22-01-13
c 03-09-12
942 ## - ADDED ENTRY ELEMENTS (KOHA)
Koha item type Ordinary Loan Books
Call number prefix HD9685
Call number suffix CLA
Holdings
Date last seen Total Checkouts Full call number Barcode Cost, replacement price Price effective from Koha item type Lost status Source of classification or shelving scheme Damaged status Not for loan Collection Withdrawn status Home library Current library Shelving location Date acquired Cost, normal purchase price
01/23/2023   HD9685 CLA 92004031646 80.00 01/23/2023 BOOKS   LCC     NFIC   MAIN MAIN GEN 01/23/2023 80.00